Changes in Mikir society; (Record no. 88748)

MARC details
000 -LEADER
fixed length control field 00881nam a2200241 4500
001 - CONTROL NUMBER
control field sa 68018968
003 - CONTROL NUMBER IDENTIFIER
control field DLC
005 - DATE AND TIME OF LATEST TRANSACTION
control field 20260227112716.0
008 - FIXED-LENGTH DATA ELEMENTS--GENERAL INFORMATION
fixed length control field 710726s1968 ii ab s 00000 eng
010 ## - LIBRARY OF CONGRESS CONTROL NUMBER
LC control number sa 68018968
025 ## - OVERSEAS ACQUISITION NUMBER
Overseas acquisition number PL480:I-E-11135
043 ## - GEOGRAPHIC AREA CODE
Geographic area code a-ii---
050 0# - LIBRARY OF CONGRESS CALL NUMBER
Classification number HB3640.K3
Item number S35
100 10 - MAIN ENTRY--PERSONAL NAME
Personal name Saikia, Padma Dhar.
245 10 - TITLE STATEMENT
Title Changes in Mikir society;
Remainder of title a report on socio-economic resurvey of Kanther Terang Village in the United Mikir and North Cachar Hills District, Assam.
250 ## - EDITION STATEMENT
Edition statement [1st ed.]
260 0# - PUBLICATION, DISTRIBUTION, ETC.
Place of publication, distribution, etc. Assam,
Name of publisher, distributor, etc. Agro-Economic Research Centre for North East India; distributors: Firma K. L. Mukhopadhyaya,
Date of publication, distribution, etc. 1968.
300 ## - PHYSICAL DESCRIPTION
Extent xiv, 82 p.
Other physical details illus., map.
Dimensions 25 cm.
350 ## - PRICE (NR) (BK AM CF MU VM SE) [OBSOLETE]
Price Rs8.00
440 #0 - SERIES STATEMENT/ADDED ENTRY--TITLE
Title [Studies in rural change: Assam series]
651 #0 - SUBJECT ADDED ENTRY--GEOGRAPHIC NAME
Geographic name Kanther Terang, India
General subdivision Population.
651 #0 - SUBJECT ADDED ENTRY--GEOGRAPHIC NAME
Geographic name Kanther Terang, India
General subdivision Rural conditions.

No items available.

Powered by Koha